Las bóvedas de Guastavino en América
Uloženo v:
| Hlavní autor: | |
|---|---|
| Médium: | Kniha |
| Jazyk: | španělština |
| Vydáno: |
Madrid
Instituto Juan de Herrera
1999
|
| Témata: | |
| Tagy: |
Přidat tag
Žádné tagy, Buďte první, kdo vytvoří štítek k tomuto záznamu!
|
MARC
| LEADER | 00000nam a2200000 a 4500 | ||
|---|---|---|---|
| 001 | UCM8995 | ||
| 003 | CL-VaPUC | ||
| 008 | 030411e19990000SP |||||||||||||||||spa|d | ||
| 082 | 0 | 4 | |a 721.43 |b HUE |2 21 |
| 100 | |a Huerta Alfaro, Santiago |e author |9 383463 | ||
| 245 | 1 | 4 | |a Las bóvedas de Guastavino en América |
| 300 | |a 393 p | ||
| 942 | |c BK | ||
| 945 | |d 20030411 00:00:00 |a rbrito | ||
| 260 | |a Madrid |b Instituto Juan de Herrera |c 1999 | ||
| 600 | 0 | 7 | |a GUASTAVINO, RAFAEL |2 CL-VaPUC |9 475358 |
| 650 | 7 | |a BOVEDAS |2 CL-VaPUC |9 363943 | |
| 650 | 7 | |a TECNOLOGIA DE LA CONSTRUCCION |2 CL-VaPUC |9 260196 | |
| 650 | 7 | |a CONSTRUCCION DE CUPULAS |2 CL-VaPUC |9 475359 | |
| 650 | 0 | |a Arquitectura |9 804558 | |
| 583 | |a last modification |c 20030411 00:00:00 |k Rodrigo Vera | ||
| 999 | |c 303415 |d 303413 | ||
| 952 | |0 0 |1 0 |4 0 |6 721_430000000000000_HUE_1999 |7 0 |8 A |9 364700 |a BIBARQ |b BIBARQ |d 2019-11-21 |i 3842886 |o 721.43 HUE 1999 |p 3842886 |r 2025-01-20 |w 2019-11-21 |y BK |k ARQ | ||